Socialism : An economic and sociological analysis
This book introduce about liberalism and socialism. The economics of a socialist community. The alleged inevitability of socialism. Socialism as a moral imperative. Destructionism
محفوظ في:
| المؤلف الرئيسي: | |
|---|---|
| التنسيق: | كتاب |
| اللغة: | Undetermined |
| منشور في: |
Indianapolis
Liberty classics
1981
|
| الموضوعات: | |
| الوسوم: |
إضافة وسم
لا توجد وسوم, كن أول من يضع وسما على هذه التسجيلة!
|
| Thư viện lưu trữ: | Trung tâm Học liệu Trường Đại học Cần Thơ |
|---|
| LEADER | 00756nam a2200205Ia 4500 | ||
|---|---|---|---|
| 001 | CTU_231708 | ||
| 008 | 210402s9999 xx 000 0 und d | ||
| 082 | |a 335 | ||
| 082 | |b M678 | ||
| 100 | |a Mises, Ludwig von | ||
| 245 | 0 | |a Socialism : | |
| 245 | 3 | |b An economic and sociological analysis | |
| 245 | 0 | |c Ludwig von Mises ; Translated by J. Kahane | |
| 260 | |a Indianapolis | ||
| 260 | |b Liberty classics | ||
| 260 | |c 1981 | ||
| 520 | |a This book introduce about liberalism and socialism. The economics of a socialist community. The alleged inevitability of socialism. Socialism as a moral imperative. Destructionism | ||
| 650 | |a Chủ nghĩa xã hội,Socialism | ||
| 910 | |b dqhieu | ||
| 980 | |a Trung tâm Học liệu Trường Đại học Cần Thơ | ||